000
00213nam a22000857a 4500
008
161020b xxu||||| |||| 00| 0 eng d
100
_9
899
_a
Chawla.S.
245
_a
The Earth
260
_a
New Delhi
_b
D.P Publications
_c
2010
999
_c
3553
_d
3553